Language Quiz

Random Language or Song Quiz

Most Common Words (Song of the Year) Quiz Stats

 Plays Quiz Updated Jan 29, 2018

Challenge
Share
Tweet
Embed
Score 0/69 Timer 06:00
0 Plays Today
# of Appearances Word % Correct
35I
95.4%
51the
94.3%
26a
93%
35you
91.4%
23love
89.4%
21me
74.1%
6we
71.9%
15in
68.3%
14to
67.9%
5be
65.4%
10and
64.5%
4is
61.9%
9on
61%
12it
60.9%
9do
57.4%
21of
57.4%
18my
53.1%
3go
52.9%
8for
52.4%
6are
52.3%
5can
51.5%
5your
49.4%
4will
43.1%
4us
42.2%
7like
39%
8what
38.6%
3have
36%
3one
34.8%
7that
33.8%
3were
32.4%
8all
31.6%
6with
31%
6heart
30%
3at
29.9%
6from
28.9%
# of Appearances Word % Correct
4up
28.6%
7don't
27.3%
4out
25.6%
3you're
24.7%
3want
22.9%
6time
22.2%
4life
21.4%
3song
19.6%
4I'm
19.3%
5just
18.8%
5way
18.3%
5night
18.2%
5know
16.8%
3la
16.5%
5got
15.7%
5make
15.1%
4take
14.7%
7world
13.7%
3hello
13.5%
3best
9.6%
3again
8%
4new
7.8%
3star
7.6%
3people
6.8%
3blue
5.9%
3keep
5.3%
5beautiful
5.2%
3still
4.3%
3years
3.5%
3fallin'
2.5%
3rose
2%
3summer
2%
6theme
1.6%
3reason
1.4%

You're not logged in!

Compare scores with friends on all Sporcle quizzes.
OR
Log In

You Might Also Like...

Show Comments

Extras

Top Quizzes Today


Score Distribution

Your Account Isn't Verified!

In order to create a playlist on Sporcle, you need to verify the email address you used during registration. Go to your Sporcle Settings to finish the process.

Report this User

Report this user for behavior that violates our Community Guidelines.

Details: